000 01224nam a2200313Ia 4500
001 ebr10263687
003 CaPaEBR
006 m u
007 cr cn|||||||||
008 050804r20052004enka sb 001 0 eng d
020 _z9780199288724
020 _z0199288720
020 _z0199272484
040 _aCaPaEBR
_cCaPaEBR
035 _a(OCoLC)646780416
050 1 4 _aBH39
_b.B88 2005eb
100 1 _aButler, Christopher,
_d1940-
245 1 0 _aPleasure and the arts
_h[electronic resource] :
_benjoying literature, painting, and music /
_cChristopher Butler.
260 _aOxford ;
_aNew York :
_bOxford University Press,
_c2005.
300 _axx, 236 p., [8] p. :
_bill. (some col.)
500 _aOriginally published: 2004.
504 _aIncludes bibliographical references and index.
533 _aElectronic reproduction.
_bPalo Alto, Calif. :
_cebrary,
_d2009.
_nAvailable via World Wide Web.
_nAccess may be limited to ebrary affiliated libraries.
650 0 _aAesthetics.
650 0 _aPleasure.
655 7 _aElectronic books.
_2local
710 2 _aebrary, Inc.
856 4 0 _uhttp://site.ebrary.com/lib/rucke/Doc?id=10263687
_zAn electronic book accessible through the World Wide Web; click to view
999 _c27586
_d27586